Learning Resource and Development

Communicating as professionals / (Record no. 31380)

MARC details
000 -LEADER
fixed length control field 02251nam a2200325 i 4500
003 - CONTROL NUMBER IDENTIFIER
control field CSPC
005 - DATE AND TIME OF LATEST TRANSACTION
control field 20260115094819.0
008 - FIXED-LENGTH DATA ELEMENTS--GENERAL INFORMATION
fixed length control field 260106s2024 at a b 001 0 eng d
020 ## - INTERNATIONAL STANDARD BOOK NUMBER
International Standard Book Number 9780170465632
040 ## - CATALOGING SOURCE
Original cataloging agency CSPC
Language of cataloging eng
Transcribing agency CSPC
Description conventions rda
050 #4 - LIBRARY OF CONGRESS CALL NUMBER
Classification number HD30.3
Item number .A69 2024
082 04 - DEWEY DECIMAL CLASSIFICATION NUMBER
Edition number 23
Classification number 658.45
Item number Ar228c
100 1# - MAIN ENTRY--PERSONAL NAME
Personal name Archee, Raymond,
Relator term author.
245 10 - TITLE STATEMENT
Title Communicating as professionals /
Statement of responsibility, etc. Raymond Archee and Myra Gurney.
250 ## - EDITION STATEMENT
Edition statement 4th edition.
264 #1 - PRODUCTION, PUBLICATION, DISTRIBUTION, MANUFACTURE, AND COPYRIGHT NOTICE
Place of production, publication, distribution, manufacture Southbank, Victoria Australia :
Name of producer, publisher, distributor, manufacturer Cengage Learning Australia,
Date of production, publication, distribution, manufacture, or copyright notice 2024.
300 ## - PHYSICAL DESCRIPTION
Extent xviii, 430 pages :
Other physical details illustrations ;
Dimensions 28 cm.
336 ## - CONTENT TYPE
Source rdacontent
Content type term text
337 ## - MEDIA TYPE
Source rdamedia
Media type term unmediated
338 ## - CARRIER TYPE
Source rdacarrier
Carrier type term volume
504 ## - BIBLIOGRAPHY, ETC. NOTE
Bibliography, etc. note Includes bibliographical references and index.
505 0# - FORMATTED CONTENTS NOTE
Formatted contents note Part One. Perspectives on professional communication -- Communication theory and professional practice -- Language and communication practice -- Non-verbal communication -- Intercultural communication -- Mediated communication -- Visual communication -- Professional communication and ethics -- Part Two. Communication in organizations -- Concepts and applications in interpersonal communication -- Communicating in teams to achieve professional goals: group dynamics and negotiation -- Oral presentations, verbal reports and interviews -- Part Three. Writing skills in professional life -- Writing professionally: process and style -- Writing for the workplace: content and genre -- Workplace writing: research and reports.
520 ## - SUMMARY, ETC.
Summary, etc. "This book explains key communication concepts and effective strategies that you can use to communicate in your professional life, no matter what career you choose. It covers modern communication theory as well as essential practical skills such as active listening, verbal and non-verbal communication and negotiation." -- Worldcat
650 #0 - SUBJECT ADDED ENTRY--TOPICAL TERM
Topical term or geographic name entry element Communication in management
Form subdivision Textbooks.
650 #0 - SUBJECT ADDED ENTRY--TOPICAL TERM
Topical term or geographic name entry element Communication in science
Form subdivision Textbooks.
650 #0 - SUBJECT ADDED ENTRY--TOPICAL TERM
Topical term or geographic name entry element Communication of technical information
Form subdivision Textbooks.
700 1# - ADDED ENTRY--PERSONAL NAME
Personal name Gurney, Myra,
Relator term author.
942 ## - ADDED ENTRY ELEMENTS (KOHA)
Source of classification or shelving scheme Dewey Decimal Classification
Suppress in OPAC No
Koha item type Books
Classification part 658.45
Item part Ar228c
Call number prefix CIR
Call number suffix 2024
Edition 23
Holdings
Withdrawn status Lost status Source of classification or shelving scheme Damaged status Not for loan Home library Current library Shelving location Date acquired Total Checkouts Full call number Barcode Date last seen Copy number Price effective from Koha item type Source of acquisition
    Dewey Decimal Classification     Buhi Campus Buhi Campus Circulation Section 01/15/2026   CIR 658.45 Ar228c 2024 001793-BUH 01/15/2026 1-1 01/15/2026 Books GAA
    Dewey Decimal Classification     Main Library Main Library Circulation Section 01/06/2026   CIR 658.45 Ar228c 2024 030960 01/06/2026 1-1 01/06/2026 Books